MDQL
is popping MORE tags! Check the
thread
!
Quizzes
Events
Quiz Creation
Community
Videos
Private Events
Remove Ads
Sign In
Join for FREE
Feedback
Dark Mode
Quiz Categories
Sports
Geography
Music
Movies
Television
Just For Fun
Miscellaneous
History
Literature
Language
Science
Gaming
Entertainment
Religion
Holiday
For Kids
Quiz Lab
Recent
Popular Today
Quiz Kudos Today
Editor Picks
Curator Picks
Quizzes by...
Day
Popularity
Type
Ratings
Length
Year
Community
Subscriptions
Recent Discussions
Orange Saloon
Badges
Playlists
Quests
Create
Leaderboards
Showdown
Live 5
Trivia Bingo
Activity
Puzzle Library
Sporcle Events
Private Events
Virtual Trivia
Globe League
Become a Host
Pub Owners
SporcleCon
Opinionation
Our Games
Videos
Blog
Mobile Apps
Partnerships
Remove Ads and Go Orange
Feedback
Miscellaneous
Crossword
General Knowledge
Baby Names
Logo
Food
Cars
Numbers
Grab Bag
University
College
Popular
Company
Slogans
Restaurants
Justice
Letter
Miscellaneous
Crossword
General Knowledge
Baby Names
Logo
Food
Cars
Numbers
Grab Bag
University
College
Popular
Company
Slogans
Restaurants
Justice
Letter
Random Quiz
Search Sporcle
×
Quiz Lab
Quiz Lab
Miscellaneous
Equivalent
Type in answers that appear in a list
Type in answers that appear in a list
Classic
Best Score? Go Orange.
Nautical Terms Stats
Can you name the nautical terms from non-nautical equivalents?
By
srnoj
7m
53 Questions
199 Plays
199 Plays
199 Plays
Comments
Comments
Give Quiz Kudos
Give Quiz Kudos
-
- Ratings
hide this ad
Forced Order
Answers have to be entered in order
Answers have to be entered in order
Random Order
Randomize order of answers
Randomize order of answers
Replay
Link that replays current quiz
Next Quiz
Link to next quiz in quiz playlist
You Got
0%
They Got
Avg Score
34%
Avg Friend Score
Upgrade to see
Score Distribution
Jump to the score distribution portion of the page
Score
0/53
Timer
07:00
0
Plays Today
Non-nautical
Nautical
% Correct
right
starboard
69.3%
nautical mile per hour
knot
69.3%
left
port
67.8%
kitchen
galley
67.8%
front (noun)
bow
63.3%
rear (noun)
stern
61.3%
toilet
head
60.3%
floor
deck
55.3%
rear (adjective)
aft
54.8%
window
porthole
54.8%
ramp or bridge (for boarding)
gangway
53.8%
6 feet
fathom
53.8%
map
chart
51.8%
turbulence created by a boat
wake
50.3%
tilt or lean to one side
heel
49.7%
captain
skipper
48.7%
put away
stow
46.7%
3 nautical miles
league
45.7%
front (adjective)
fore
44.7%
room
cabin
42.2%
width of a ship
beam
39.7%
rope
line
39.2%
eating place or group who eat together
mess
39.2%
diluted rum
grog
37.2%
door
hatch
32.7%
storage area
hold
32.2%
wall
bulkhead
30.2%
Non-nautical
Nautical
% Correct
pulley
block
29.6%
tilt foreward or backward
surge
26.6%
stairs
ladder
25.1%
flapping (of a sail)
luffing
24.6%
bed
berth
24.1%
secure
make fast
24.1%
person in command
master
23.1%
everyone
all hands
21.6%
waves created by a boat
wash
21.1%
obstructed (as a rope or anchor)
foul
20.1%
pull (a rope)
haul
20.1%
direction
bearing
19.1%
gutters
scuppers
19.1%
fold (a sail)
furl
17.1%
inexperienced sailor
lubber
16.6%
length of a ship
length overall (LOA)
16.6%
skimming over water
planing
15.6%
loop (of rope)
bight
15.1%
navigator
pilot
14.6%
ceiling
overhead
11.6%
distance
range
10.6%
cook
steward
10.6%
right angle
knee
9.5%
hole or opening
scuttle
7.5%
clear of obstructions (as a rope)
fair
6.5%
filling a seam
paying
5.5%
Quiz Playlist
Details
Report
Send in Message
Add To Playlist
Classic:
Type in answers that appear in a list
Forced Order:
Answers have to be entered in order
Random Order:
Randomize order of answers
Last Updated: Feb 16, 2017
Quiz Scoreboard
CHALLENGE
Sign Up to Join the Scoreboard
Show All
Scores
Hide
Comments
May contain spoilers
Recently Published
5x2 Blitz: Bands
by SL_Kpop136
Music
30s
Colored Red Africa Blitz
by spor1
Geography
30s
Find the 'City' Movie
by crazypaving
Movies
60s
More to Explore
Quiz From the Vault
Featured Blog Post
14 Easter Pick-up Lines to Find Eggs With
hide this ad
You Might Also Like...
Tags
Equivalent
nautical
Term
Today's Top Quizzes in Miscellaneous
Browse Miscellaneous
hide this ad
Today's Top Quizzes in Equivalent
Browse Equivalent
Top Contributed Quizzes in Miscellaneous
1
5-to-1: Fast Food
2
The JOE quick-fire general knowledge quiz: Day 174
3
9x9 Crossword: Disney Movie Titles
4
9x9 Crossword: Charlie and the Chocolate Factory
5
9x9 Crossword: Pixar Movie Titles
6
9x9 Crossword: Flags
7
9x9 Crossword: 2022 Movies
8
9x9 Crossword: Nickelodeon
9
9x9 Crossword: Actors
10
9x9 Crossword: Halloween
Explore More
Trending Topics
Marvel
Disney
Anime
NBA
Kpop
Harry Potter
Crossword
Soccer
Pokémon
Puzzle
NFL
Song
The Office
Country
WWE
hide this ad
More By:
srnoj
Quiz
Plays
Rating
Category
Featured
Created
Nautical Terms
199
2.50
Miscellaneous
Dec 6, 2009
Girlfriends of Harry Kim
158
3.00
Entertainment
Dec 5, 2009
Marathon Units
22
5.00
Gaming
Dec 20, 2009
Crystal Crazy
6
Gaming
Jan 2, 2010
Crystal Quest
6
Gaming
Jan 2, 2010
Go to Creator's Profile
Score Distribution
Quiz Creator Spotlight
srnoj
Follow
Send a Message
Quizzes Created
-
Created Quiz Play Count
-
More By This Creator
Popular Quizzes Today
1
Colored Red Africa Blitz
2
Find the 'City' Movie
3
Find the US States - No Outlines Minefield
4
5x2 Blitz: Bands
5
The Countries of the World
6
Find the US States
7
US States
8
9x9 Crossword: Cartoon Network
More Miscellaneous Quizzes
Find the Fastest Production Cars
Quiz Lab
Trending Quizzes
Colored Red Europe Blitz I
Colored Red Europe Blitz II
Colored Red Africa Blitz II
Colored Red Europe Blitz III
Colored Red Africa Blitz III
Recently Updated
How Do You Spell That?
pecheneg
Godzilla Movies
pecheneg
Grab Bag: 4-10 Letters
pecheneg
2024 March Madness Bracket
pecheneg
Famous TV Couples
Peacemaker
Champions League XIs: Real Madrid
pecheneg
Largest US Cities 1790-2010
pecheneg
Rides in Walt Disney World
pecheneg
Most Oscar Losses (Acting)
pecheneg
Beyoncé Albums
pecheneg
Trending Topics
Crossword
Harry Potter
Anime
NBA
Disney
Marvel
Kpop
The Office
Pokémon
Country
Puzzle
Soccer
NFL
Song
WWE
Your Account Isn't Verified!
In order to create a playlist on Sporcle, you need to verify the email address you used during registration. Go to your
Sporcle Settings
to finish the process.
Report this User
Report this user for behavior that violates our
Community Guidelines
.
Details:
Send Report
Go to the Sporcle.com Mobile Site →
Comments